Vykazovanie obligácie v reálnej hodnote s dosahom na finančnú výkonnosť podniku
Obsahové vymedzenie pojmu finančný nástroj. Vykazovanie finančných nástrojov v reálnej hodnote. Vplyv ocenenia obligácie na výkonnosť podniku. Uplatňovanie princípu reálnej hodnoty v účtovnej praxi podniku.
Saved in:
| Main Author: | |
|---|---|
| Format: | Book Chapter |
| Language: | Slovak |
| Subjects: | |
| Tags: |
No Tags, Be the first to tag this record!
|
MARC
| LEADER | 00000naa$a2200000$$$4500 | ||
|---|---|---|---|
| 001 | 0125258 | ||
| 005 | 20240502072428.4 | ||
| 041 | 0 | |a slo | |
| 044 | |a SK | ||
| 245 | 1 | 0 | |a Vykazovanie obligácie v reálnej hodnote s dosahom na finančnú výkonnosť podniku |c Peter Markovič |
| 520 | |a Obsahové vymedzenie pojmu finančný nástroj. Vykazovanie finančných nástrojov v reálnej hodnote. Vplyv ocenenia obligácie na výkonnosť podniku. Uplatňovanie princípu reálnej hodnoty v účtovnej praxi podniku. | ||
| 610 | 2 | 0 | |a podnik |
| 610 | 2 | 0 | |a nástroje finančné |
| 610 | 2 | 0 | |a nástroje investičné |
| 610 | 2 | 0 | |a papiere cenné |
| 610 | 2 | 0 | |a obligácie |
| 610 | 2 | 0 | |a cash flow |
| 610 | 2 | 0 | |a situácia finančná podniku |
| 610 | 2 | 0 | |a účtovníctvo vnútropodnikové |
| 610 | 2 | 0 | |a súvaha |
| 610 | 2 | 0 | |a závierka účtovná |
| 100 | 1 | |a Markovič, Peter, 1974- | |